O conto dos chineses (Registo nº 1380)

Detalhes MARC
000 -Etiqueta do registo
Cabeçalho 00782nam0a2200265 4500
005 - Identificador da versão
Campo de controlo 20240813121834.0
010 ## - Número internacional normalizado dos livros (ISBN)
Número (ISBN) 9789722038683
021 ## - Número do Depósito Legal
Código do país PT
Número 296 888/09
100 ## - Dados gerais de processamento
Dados gerais de processamento 20170505d2009 a y0pory5003 ba
102 ## - Pais de publicação ou produção
País de publicação Portugal
101 0# - Língua de publicação
Língua do texto, banda sonora, etc. Português
215 ## - Descrição física 
Indicação específica da natureza do documento e extensão da espécie [50] p.
Outras indicações físicas il. color
200 1# - Titulo e menção de responsabilidade
Título próprio O conto dos chineses
Primeira menção de responsabilidade José Cardoso Pires
Outras menções de responsabilidade il. Henrique Cayatte
205 ## - Menção da edição
Menção da edição 1ª ed
210 ## - Publicação, Distribuição, etc. 
Lugar da edição, distribuição, etc. Alfragide
Nome do editor, distribuidor, etc. Dom Quixote
Data da publicação, distribuição, etc. 2009
300 ## - Notas gerais 
Texto da nota Plano Nacional de Leitura
606 ## - Nome comum usado como assunto
Número de registo de entrada de autoridade 0002010
Palavra de ordem Literatura portuguesa
Subdivisão de assunto Conto
Código do sistema CA
675 ## - Classificação Decimal Universal (CDU)
Notação 821.134.3-34
Edição 3ª ed.
Língua da edição por
701 #1 - Nome de autor-pessoa física (co-responsabilidade principal)
Palavra de ordem Cayatte
Outra parte do nome não tomada para palavra de ordem Henrique
Código de função Ilustrador / Técnico de desenho computorizado
700 #1 - Nome de autor-pessoa física (responsabilidade principal)
Número de registo de entrada de autoridade 0001940
Palavra de ordem Pires
Outra parte do nome não tomada para palavra de ordem José Cardoso
Datas 1925-1998
966 ## - Identificação da Biblioteca
Sigla EB2,3ENM
942 ## - Elementos de entrada adicionados (Koha)
Tipo de item no Koha Livro
Exemplares
Situação do levantamento Origin of item (home branch) (coded) Biblioteca de empréstimo Código de barras Cota Circulation type (not for loan) Tipo de documento Nota do exemplar Damaged status
  Biblioteca Escolar Eng. Nuno Mergulhão Biblioteca Escolar Eng. Nuno Mergulhão BENM3293 | 2009 82LP-34 PIR PNL   Livro Sem mensagem